| 000 | 00668nam a22002177a 4500 | ||
|---|---|---|---|
| 005 | 20240530110442.0 | ||
| 008 | 150329s2010 ua o g 000 0 ara d | ||
| 017 |
_a2008/22015 _bمصر . دار الكتب المصرية |
||
| 020 | _a9789770925694 | ||
| 040 | _aEG-CaGPL | ||
| 082 | 0 | 4 |
_221 _a818.07\ _bو ح |
| 100 | 0 | _aوليد طاهر | |
| 245 | 1 | 0 |
_aحبة هوا / _cوليد طاهر |
| 250 | _aط2. | ||
| 260 |
_aالقاهرة : _bدار الشروق ، _c2010. |
||
| 300 |
_a138 ص : _bصور ؛ _c20 سم. |
||
| 650 | 0 | 4 | _aالكاريكاتير |
| 650 | 0 | 4 | _aصور الاشخاص |
| 942 |
_2ddc _cBK |
||
| 999 |
_c61073 _d61073 |
||